| 000 | 00886nam a22002297a 4500 | ||
|---|---|---|---|
| 999 |
_c8634 _d8634 |
||
| 001 | 8634 | ||
| 003 | BD-JhCC | ||
| 005 | 20181204100459.0 | ||
| 008 | 180228b1976 bg ||||| |||| 00| 0 ben d | ||
| 035 | _a(BD-JhCC)8634 | ||
| 040 |
_aBD-JhCC _dBD-JhCC |
||
| 041 | _aben | ||
| 082 |
_a330 _bGOS 1976 |
||
| 100 | _aঘোষ, অধ্যাপক অলক | ||
| 245 |
_aঅর্থবিদ্যার রুপরেখা একাদশ ও দ্বাদশ শ্রেণীর জন্য / _cঅধ্যাপক অলক ঘোষ, অধ্যাপক নারায়ণচন্দ্র সাহা |
||
| 260 |
_aঢাক : _bদি নিউ বুক স্টল, _c1976 |
||
| 300 |
_a520 p. : _c21 cm. |
||
| 650 | _aEconomics | ||
| 700 | _aসাহা, অধ্যাপক নারায়ণচন্দ্র | ||
| 942 |
_2ddc _cBK |
||